<A> history of the United States
Na minha lista:
| Autor principal: | |
|---|---|
| Formato: | Livro |
| Idioma: | inglês |
| Publicado em: |
New York
Palgrave Macmillan
2007
|
| Edição: | 3rd ed. |
| Colecção: | Palgrave essential histories
|
| Assuntos: | |
| Tags: |
Sem tags, seja o primeiro a adicionar uma tag!
|
MARC
| LEADER | 00000nam$a2200000$$$4500 | ||
|---|---|---|---|
| 001 | 0095996 | ||
| 005 | 20240306135715.6 | ||
| 020 | |a 978-0-230-50678-7 | ||
| 020 | |a 978-0230-50678-7 | ||
| 020 | |a 0-0230-50678-X | ||
| 041 | 0 | |a eng | |
| 044 | |a US | ||
| 245 | 1 | 0 | |a <A> history of the United States |c Philip Jenkins |
| 250 | |a 3rd ed. | ||
| 264 | 1 | |a New York |b Palgrave Macmillan |c 2007 | |
| 300 | |a 338 s. | ||
| 490 | 1 | |a Palgrave essential histories | |
| 830 | 0 | |a Palgrave essential histories | |
| 610 | 2 | 0 | |a dejiny |
| 610 | 2 | 0 | |a história |
| 610 | 2 | 0 | |a vývoj spoločenský |
| 610 | 2 | 0 | |a vývoj politický |
| 610 | 2 | 0 | |a moc politická |
| 610 | 2 | 0 | |a kolonializmus |
| 610 | 2 | 0 | |a revolúcia |
| 610 | 2 | 0 | |a formy organizácie politickej |
| 610 | 2 | 0 | |a kríza |
| 610 | 2 | 0 | |a priemysel |
| 610 | 2 | 0 | |a vojny |
| 610 | 2 | 0 | |a Amerika |
| 610 | 2 | 0 | |a USA |
| 100 | 1 | |a Jenkins, Philip | |